[Event "Helmond Rapid op"]
[Site "Helmond"]
[Date "2025.05.03"]
[Round "6"]
[White "Kurt, Sascha"]
[Black "Kools, Thomas"]
[Result "1-0"]
[WhiteElo "2297"]
[BlackElo "2061"]
[PlyCount "121"]
[EventDate "2025.05.03"]
[EventType "swiss (rapid)"]
[EventRounds "9"]
[EventCountry "NED"]
[SourceTitle "CB19_2025"]
[SourceDate "2025.05.07"]
[SourceVersion "1"]
[SourceVersionDate "2025.05.07"]
[SourceQuality "1"]

1. b3 d5 2. Nf3 e6 3. Bb2 Nf6 4. e3 Be7 5. c4 0-0 6. Be2 c6 7. 0-0 a5 8. d3 Nbd7 9. Nbd2 a4 10. Qc2 b5 11. Ne5 Nxe5 12. Bxe5 Bb7 13. d4 axb3 14. axb3 bxc4 15. bxc4 dxc4 16. Bf3 Nd7 17. Bg3 Nb6 18. Rfb1 Rxa1 19. Rxa1 Qd7 20. Rb1 Bd8 21. Ne4 Ba8 22. Nc5 Qc8 23. h4 Bc7 24. Bxc7 Qxc7 25. Be2 e5 26. Bxc4 exd4 27. exd4 Nd7 28. Qf5 Nxc5 29. dxc5 Bb7 30. h5 Bc8 31. Qe4 Bd7 32. h6 Re8 33. Qf3 Be6 34. Bd3 Bd5 35. Qg4 Qe5 36. Rb4 g6 37. Qf4 Qxf4 38. Rxf4 Re5 39. Rb4 Re8 40. f4 f5 41. Kf2 Kf7 42. Rb7+ Re7 43. Rb8 Kf6 44. Rc8 g5 45. Rf8+ Rf7 46. Rxf7+ Bxf7 47. Ke3 Kg6 48. Kd4 gxf4 49. Ke5 Kxh6 50. Kxf4 Bd5 51. g3 Kg7 52. Bxf5 h6 53. Ke5 Kf7 54. Kd6 Kf6 55. Bd7 Kg5 56. Bxc6 Bc4 57. Bd7 Kf6 58. c6 Ba6 59. c7 h5 60. Bh3 Kf7 61. Kd7 1-0

[Event "Wachtebeke"]
[Site "Wachtebeke"]
[Date "2025.03.04"]
[Round "6"]
[White "Kurt, Sascha"]
[Black "Muetsch, Annmarie"]
[Result "0-1"]
[WhiteElo "2236"]
[BlackElo "2310"]
[PlyCount "50"]
[EventDate "2025.03.01"]
[EventType "tourn"]
[EventRounds "9"]
[EventCountry "BEL"]
[EventCategory "3"]
[SourceTitle "CB11_2025"]
[SourceDate "2025.03.12"]
[SourceVersion "1"]
[SourceVersionDate "2025.03.12"]
[SourceQuality "1"]

1. e4 c5 2. Nf3 Nf6 3. e5 Nd5 4. Nc3 e6 5. Nxd5 exd5 6. d4 Nc6 7. dxc5 Bxc5 8. Bd3 d6 9. Bf4 dxe5 10. Nxe5 Qf6 11. Qe2 0-0 12. Nxc6 Qxf4 13. Ne7+ Bxe7 14. Qxe7 Bh3 15. Kf1 Rae8 16. Qa3 Bxg2+ 17. Kxg2 Qg4+ 18. Kf1 Qh3+ 19. Kg1 Re5 20. Bf1 Rg5+ 21. Qg3 Qh6 22. Bd3 f5 23. Kf1 Rxg3 24. fxg3 f4 25. Kg2 f3+ 0-1

[Event "Wachtebeke"]
[Site "Wachtebeke"]
[Date "2025.03.03"]
[Round "5"]
[White "Dordevic, Tom"]
[Black "Kurt, Sascha"]
[Result "1/2-1/2"]
[WhiteElo "2133"]
[BlackElo "2236"]
[PlyCount "70"]
[EventDate "2025.03.01"]
[EventType "tourn"]
[EventRounds "9"]
[EventCountry "BEL"]
[EventCategory "3"]
[SourceTitle "CB11_2025"]
[SourceDate "2025.03.12"]
[SourceVersion "1"]
[SourceVersionDate "2025.03.12"]
[SourceQuality "1"]

1. Nf3 Nf6 2. g3 d5 3. Bg2 e6 4. 0-0 c5 5. b3 Nc6 6. Bb2 Be7 7. d4 0-0 8. Nbd2 b6 9. a3 Bb7 10. dxc5 bxc5 11. Re1 Qc7 12. c4 d4 13. e3 e5 14. exd4 exd4 15. Qc2 a5 16. Re2 Qd7 17. Ne1 Bd6 18. Ne4 Nxe4 19. Bxe4 h6 20. Nd3 Rfe8 21. Rae1 Re7 22. Bc1 Rae8 23. Bg2 Rxe2 24. Rxe2 Rxe2 25. Qxe2 a4 26. bxa4 Na5 27. Bxb7 Qxb7 28. Bf4 Bxf4 29. Nxf4 Qc6 30. Nh5 Qg6 31. Nf4 Qb1+ 32. Kg2 Qb7+ 33. Kg1 Qd7 34. Nd3 Qc6 35. Qe7 Nxc4 1/2-1/2

[Event "Wachtebeke"]
[Site "Wachtebeke"]
[Date "2025.03.01"]
[Round "1"]
[White "Kurt, Sascha"]
[Black "Schuricht, Emil Frederick"]
[Result "1/2-1/2"]
[WhiteElo "2236"]
[BlackElo "2335"]
[PlyCount "56"]
[EventDate "2025.03.01"]
[EventType "tourn"]
[EventRounds "9"]
[EventCountry "BEL"]
[EventCategory "3"]
[SourceTitle "CB11_2025"]
[SourceDate "2025.03.12"]
[SourceVersion "1"]
[SourceVersionDate "2025.03.12"]
[SourceQuality "1"]

1. e4 c6 2. d4 d5 3. Nd2 dxe4 4. Nxe4 Nf6 5. Nxf6+ gxf6 6. Bf4 Bf5 7. Nf3 Nd7 8. Bd3 Bxd3 9. Qxd3 Qa5+ 10. Bd2 Qh5 11. 0-0-0 0-0-0 12. Kb1 e6 13. Rhg1 Ne5 14. Nxe5 fxe5 15. g4 Qg6 16. Bc3 Bg7 17. Qe3 exd4 18. Bxd4 Bxd4 19. Rxd4 h5 20. g5 Rxd4 21. Qxd4 Rd8 22. Qe3 Qf5 23. a3 a6 24. h4 Rd5 25. Qe2 Kc7 26. Rd1 Rxd1+ 27. Qxd1 Qxf2 28. Qxh5 Qf1+ 1/2-1/2

[Event "EU-Cup 39th"]
[Site "Vrnjacka Banja"]
[Date "2024.10.24"]
[Round "5.5"]
[White "Kurt, Sascha"]
[Black "Cetkovic, Stevan"]
[Result "1-0"]
[WhiteElo "2141"]
[BlackElo "1941"]
[PlyCount "63"]
[EventDate "2024.10.20"]
[EventType "team-swiss"]
[EventRounds "7"]
[EventCountry "SRB"]
[SourceTitle "CB44_2024"]
[Source "Chessbase"]
[SourceDate "2024.10.30"]
[SourceVersion "1"]
[SourceVersionDate "2024.10.30"]
[SourceQuality "1"]
[WhiteTeam "D Ans Loncin"]
[BlackTeam "Sremska Mitrovica Sirmium"]
[WhiteTeamCountry "BEL"]
[BlackTeamCountry "SRB"]

1. e4 c5 2. Nf3 d6 3. d4 cxd4 4. Nxd4 Nf6 5. Nc3 a6 6. a3 e6 7. g4 Qc7 8. g5 Nfd7 9. Bg2 Nc6 10. b3 Nde5 11. Bb2 Bd7 12. Qd2 Be7 13. h4 0-0-0 14. f4 Ng4 15. 0-0-0 h5 16. Bf3 f6 17. Bxg4 hxg4 18. Qg2 fxg5 19. hxg5 g6 20. Rxh8 Rxh8 21. Nde2 Qb6 22. Kb1 Rf8 23. Qxg4 e5 24. Qg3 Be6 25. Nd5 Bxd5 26. exd5 Nd4 27. Nxd4 exd4 28. Bxd4 Qb5 29. Qg4+ Kb8 30. Qe6 Re8 31. Re1 Qa5 32. Bf6 1-0

[Event "EU-Cup 39th"]
[Site "Vrnjacka Banja"]
[Date "2024.10.22"]
[Round "3.4"]
[White "Mihasi, Lime"]
[Black "Kurt, Sascha"]
[Result "0-1"]
[WhiteElo "1917"]
[BlackElo "2141"]
[PlyCount "104"]
[EventDate "2024.10.20"]
[EventType "team-swiss"]
[EventRounds "7"]
[EventCountry "SRB"]
[SourceTitle "CB44_2024"]
[Source "Chessbase"]
[SourceDate "2024.10.30"]
[SourceVersion "1"]
[SourceVersionDate "2024.10.30"]
[SourceQuality "1"]
[WhiteTeam "Butrinti"]
[BlackTeam "D Ans Loncin"]
[WhiteTeamCountry "KOS"]
[BlackTeamCountry "BEL"]

1. d4 Nf6 2. Bf4 g6 3. e3 Bg7 4. Nf3 d6 5. h3 0-0 6. Bd3 b6 7. 0-0 Bb7 8. Nbd2 Nbd7 9. e4 Re8 10. c3 e5 11. Bg5 h6 12. Bh4 g5 13. Nxg5 hxg5 14. Bxg5 Nf8 15. d5 Qd7 16. Nc4 c6 17. Bxf6 Bxf6 18. Ne3 cxd5 19. exd5 e4 20. Be2 Bg7 21. a4 Qe7 22. f4 exf3 23. Rxf3 Qxe3+ 24. Rxe3 Rxe3 25. Bb5 Rc8 26. Qg4 Rc5 27. Bc6 Bxc6 28. dxc6 Rxc6 29. a5 b5 30. Rf1 Re7 31. Rf5 a6 32. Rg5 Ng6 33. Qf3 Rc8 34. Qd5 Re6 35. h4 Bh6 36. Rg4 Kf8 37. h5 Nf4 38. Qf5 Rc5 39. Qh7 Ne2+ 40. Kf2 Rxh5 41. Qg8+ Ke7 42. g3 Rh2+ 43. Kf1 Bd2 44. Qc8 Rf6+ 45. Rf4 Nxg3+ 46. Kg1 Rh1+ 47. Kg2 Bxf4 48. Qxa6 Be3 49. Qb7+ Kf8 50. a6 Rf2+ 51. Kxg3 Rg1+ 52. Kh3 Rf6 0-1

[Event "EU-ch U14"]
[Site "Prague"]
[Date "2024.08.23"]
[Round "2"]
[White "Kurt, Sascha"]
[Black "Marin Ferragut, Pau"]
[Result "1-0"]
[WhiteElo "2064"]
[BlackElo "2338"]
[PlyCount "99"]
[EventDate "2024.08.22"]
[EventType "swiss"]
[EventRounds "9"]
[EventCountry "CZE"]
[SourceTitle "CBM 221 Extra"]
[Source "ChessBase"]
[SourceDate "2024.09.30"]
[SourceVersion "1"]
[SourceVersionDate "2024.09.30"]
[SourceQuality "1"]

1. e4 c5 2. Nf3 d6 3. d4 cxd4 4. Nxd4 Nf6 5. Nc3 a6 6. h3 g6 7. Be3 Bg7 8. Be2 Nbd7 9. f4 b5 10. Bf3 e5 11. Nb3 Qc7 12. 0-0 Bb7 13. Qd2 b4 14. Nd5 Nxd5 15. exd5 a5 16. c3 a4 17. Nc1 bxc3 18. bxc3 exf4 19. Bd4 Bxd4+ 20. cxd4 0-0 21. Ne2 Nf6 22. Rac1 Qa5 23. Qxf4 Nxd5 24. Qxd6 Rad8 25. Qc5 Qd2 26. Qb5 Ba8 27. Rfd1 Qe3+ 28. Kh2 Qe7 29. Rd3 Qh4 30. Rc5 Nf4 31. Nxf4 Qxf4+ 32. g3 Qf6 33. Bxa8 Rxa8 34. Rd2 Rab8 35. Qd3 Rfe8 36. Rc1 Qg5 37. h4 Qd5 38. Qc4 Qd7 39. Qc6 Qe7 40. Qxa4 Qe3 41. Qc2 Rbc8 42. Qd1 Ra8 43. Rcc2 Ra3 44. Rg2 Rd8 45. Rcd2 h5 46. d5 Qe5 47. d6 Re3 48. Rde2 Rxe2 49. Rxe2 Qxd6 50. Re8+ 1-0

[Event "Dortmund Sparkassen op-A 51st"]
[Site "Dortmund"]
[Date "2024.08.18"]
[Round "9"]
[White "Kurt, Sascha"]
[Black "Mainka, Gregor"]
[Result "1/2-1/2"]
[WhiteElo "2064"]
[BlackElo "2210"]
[PlyCount "44"]
[EventDate "2024.08.10"]
[EventType "swiss"]
[EventRounds "9"]
[EventCountry "GER"]
[SourceTitle "CBM 221 Extra"]
[Source "ChessBase"]
[SourceDate "2024.09.30"]
[SourceVersion "1"]
[SourceVersionDate "2024.09.30"]
[SourceQuality "1"]

1. e4 e6 2. d4 d5 3. Nc3 Bb4 4. e5 c5 5. a3 Bxc3+ 6. bxc3 Ne7 7. Qg4 Kf8 8. a4 Qc7 9. Qd1 b6 10. Nf3 h6 11. Bb5 Ba6 12. 0-0 Bxb5 13. axb5 a5 14. bxa6 Rxa6 15. Rxa6 Nxa6 16. Ba3 g6 17. Qd3 Nb8 18. c4 dxc4 19. Qxc4 Nd7 20. Nd2 Kg7 21. Ne4 Ra8 22. Nd6 Qc6 1/2-1/2

[Event "Dortmund Sparkassen op-A 51st"]
[Site "Dortmund"]
[Date "2024.08.15"]
[Round "6"]
[White "Michalke, Guenter"]
[Black "Kurt, Sascha"]
[Result "1/2-1/2"]
[WhiteElo "2174"]
[BlackElo "2064"]
[PlyCount "124"]
[EventDate "2024.08.10"]
[EventType "swiss"]
[EventRounds "9"]
[EventCountry "GER"]
[SourceTitle "CBM 221 Extra"]
[Source "ChessBase"]
[SourceDate "2024.09.30"]
[SourceVersion "1"]
[SourceVersionDate "2024.09.30"]
[SourceQuality "1"]

1. Nf3 Nf6 2. g3 g6 3. Bg2 Bg7 4. 0-0 0-0 5. d4 d6 6. c4 Nc6 7. Nc3 e5 8. dxe5 dxe5 9. Bg5 h6 10. Qxd8 Rxd8 11. Bxf6 Bxf6 12. Nd5 Kg7 13. Nxc7 Rb8 14. e4 Be7 15. Nd5 Bc5 16. Rab1 a5 17. Ne1 Be6 18. Nd3 Bd4 19. Rfc1 Rdc8 20. c5 Nb4 21. N5xb4 axb4 22. Nxb4 Rxc5 23. Rxc5 Bxc5 24. Nd3 Bd4 25. b3 Ra8 26. Nc1 Rc8 27. Ne2 Bb6 28. Rc1 Rd8 29. Rc2 Rd1+ 30. Bf1 Bh3 31. Rc1 Bxf1 32. Rxd1 Bxe2 33. Rd7 Ba6 34. b4 Bd4 35. a4 b6 36. Kg2 Bd3 37. f3 Kf6 38. Rc7 Kg7 39. h4 Kf8 40. g4 Ke8 41. h5 gxh5 42. gxh5 f5 43. exf5 Bxf5 44. a5 Kd8 45. Rf7 bxa5 46. bxa5 Bd7 47. Rh7 Be3 48. a6 Kc8 49. a7 Bxa7 50. Rxh6 Bd4 51. Rg6 Bf5 52. Rf6 Bd3 53. h6 e4 54. Rf8+ Kd7 55. h7 exf3+ 56. Kxf3 Bxh7 57. Rf7+ Kc8 58. Rxh7 Kb8 59. Ke4 Ba7 60. Kd5 Ka8 61. Kc6 Bb8 62. Rh8 Ka7 1/2-1/2

[Event "Dortmund Sparkassen op-A 51st"]
[Site "Dortmund"]
[Date "2024.08.13"]
[Round "4"]
[White "Lin, Yi2"]
[Black "Kurt, Sascha"]
[Result "0-1"]
[WhiteElo "1950"]
[BlackElo "2064"]
[PlyCount "100"]
[EventDate "2024.08.10"]
[EventType "swiss"]
[EventRounds "9"]
[EventCountry "GER"]
[SourceTitle "CBM 221 Extra"]
[Source "ChessBase"]
[SourceDate "2024.09.30"]
[SourceVersion "1"]
[SourceVersionDate "2024.09.30"]
[SourceQuality "1"]

1. e4 c5 2. Nf3 d6 3. d3 g6 4. g3 Bg7 5. Bg2 Nc6 6. 0-0 e6 7. Re1 Nge7 8. c3 0-0 9. Be3 b6 10. d4 Bb7 11. Qd2 cxd4 12. cxd4 Na5 13. Bh6 Nc4 14. Qc1 Rc8 15. Bxg7 Kxg7 16. b3 Ne5 17. Qe3 Nxf3+ 18. Bxf3 e5 19. dxe5 dxe5 20. Nd2 Nc6 21. Nc4 Qe7 22. Rad1 Rcd8 23. Qc3 Nd4 24. Nd2 Rc8 25. Nc4 Rfd8 26. Bg4 Rc7 27. Qb2 h5 28. Be2 b5 29. Ne3 Bxe4 30. Bxb5 Nf3+ 31. Kf1 Nxh2+ 32. Kg1 Nf3+ 33. Kf1 Nh2+ 34. Kg1 Nf3+ 35. Kf1 Rb8 36. Bd3 Bxd3+ 37. Rxd3 Nxe1 38. Kxe1 Qc5 39. Qe2 f6 40. Nc4 Qe7 41. Kf1 Rd8 42. Rxd8 Qxd8 43. g4 hxg4 44. Qxg4 Qd4 45. Qg3 Qe4 46. Qh3 Qb1+ 47. Kg2 Qxa2 48. Nd6 Re7 49. Qg3 Qc2 50. Qg4 Qc6+ 0-1

[Event "Dutch op"]
[Site "Velp"]
[Date "2024.07.23"]
[Round "1"]
[White "Kurt, Sascha"]
[Black "Stillger, Bernhard"]
[Result "1/2-1/2"]
[WhiteElo "2071"]
[BlackElo "2263"]
[PlyCount "49"]
[EventDate "2024.07.23"]
[EventType "swiss"]
[EventRounds "9"]
[EventCountry "NED"]
[SourceTitle "EXT 2025"]
[Source "ChessBase"]
[SourceDate "2024.10.14"]
[SourceVersion "1"]
[SourceVersionDate "2024.10.14"]
[SourceQuality "1"]

1. e4 c6 2. d4 d5 3. e5 Bf5 4. Nf3 e6 5. Be2 Ne7 6. c3 Nd7 7. 0-0 Ng6 8. Nbd2 f6 9. exf6 Qxf6 10. Re1 Bd6 11. Nf1 0-0 12. Bg5 Qf7 13. Ng3 Bg4 14. Be3 Nf4 15. Bxf4 Qxf4 16. Qd2 Rae8 17. Qxf4 Bxf4 18. Nf1 Bxf3 19. Bxf3 e5 20. dxe5 Nxe5 21. Be2 Nd7 22. Bd3 Ne5 23. Be2 Nd7 24. Bd3 Ne5 25. Be2 1/2-1/2

[Event "Helmond Rapid op"]
[Site "Helmond"]
[Date "2024.06.15"]
[Round "5"]
[White "Kurt, Sascha"]
[Black "Ootes, Lars"]
[Result "0-1"]
[WhiteElo "2033"]
[BlackElo "2383"]
[PlyCount "78"]
[EventDate "2024.06.15"]
[EventType "swiss (rapid)"]
[EventRounds "9"]
[EventCountry "NED"]
[SourceTitle "CBM 220 Extra"]
[Source "ChessBase"]
[SourceDate "2024.07.31"]
[SourceVersion "1"]
[SourceVersionDate "2024.07.31"]
[SourceQuality "1"]

1. e4 d6 2. d4 g6 3. Nc3 Bg7 4. Be2 Nf6 5. h4 h5 6. Nf3 c6 7. Ng5 b5 8. a3 Qc7 9. Be3 Ng4 10. Bxg4 hxg4 11. e5 dxe5 12. d5 a6 13. f3 Nd7 14. dxc6 Qxc6 15. Qd5 Qxd5 16. Nxd5 Rb8 17. fxg4 Nf6 18. 0-0-0 Nxd5 19. Rxd5 Bxg4 20. Ne4 Rc8 21. Nc5 Rc6 22. g3 Bf3 23. Rhd1 Bxd5 24. Rxd5 f5 25. Nd7 Rd6 26. Nb6 Rxd5 27. Nxd5 Kd7 28. Nb4 a5 29. Nd3 Kc6 30. b3 Bh6 31. Nxe5+ Kd5 32. Bxh6 Rxh6 33. Nd3 e5 34. Kd2 g5 35. hxg5 Rh3 36. c4+ bxc4 37. bxc4+ Kd4 38. g6 Rxg3 39. Ne1 Kxc4 0-1

[Event "Helmond Rapid op"]
[Site "Helmond"]
[Date "2024.06.15"]
[Round "7"]
[White "Kurt, Sascha"]
[Black "Wieringa, Helmer"]
[Result "1-0"]
[WhiteElo "2033"]
[BlackElo "1901"]
[PlyCount "95"]
[EventDate "2024.06.15"]
[EventType "swiss (rapid)"]
[EventRounds "9"]
[EventCountry "NED"]
[SourceTitle "CBM 220 Extra"]
[Source "ChessBase"]
[SourceDate "2024.07.31"]
[SourceVersion "1"]
[SourceVersionDate "2024.07.31"]
[SourceQuality "1"]

1. e4 c5 2. Nf3 Nc6 3. d4 cxd4 4. Nxd4 g6 5. c4 Bg7 6. Be3 d6 7. Nc3 Nf6 8. Be2 0-0 9. 0-0 Bd7 10. Rc1 Nxd4 11. Bxd4 Bc6 12. f3 a5 13. b3 h5 14. Qd2 Kh7 15. Be3 Rh8 16. Rfd1 Nd7 17. a3 Kg8 18. Nd5 h4 19. Bg5 Bxd5 20. cxd5 Nc5 21. Bc4 b5 22. b4 bxc4 23. bxc5 c3 24. Qf2 dxc5 25. Qxc5 f6 26. Be3 Rc8 27. Qb6 Qxb6 28. Bxb6 a4 29. Bd4 Kf7 30. Bxc3 Bh6 31. Rc2 Rc4 32. Kf2 Rhc8 33. Rd3 Bf4 34. Ke2 Bd6 35. Kd2 Bxa3 36. Rd4 Bd6 37. Rxc4 Rxc4 38. Kd3 Rc8 39. h3 a3 40. Ra2 e6 41. Bd2 exd5 42. exd5 Rc5 43. Kd4 Rc8 44. Kd3 Ke7 45. Be1 g5 46. Bc3 Kd7 47. Bxf6 Bf4 48. Rxa3 1-0

[Event "Utrecht OKU op 49th"]
[Site "Utrecht"]
[Date "2024.05.11"]
[Round "4"]
[White "Maassen van den Brink, Koen"]
[Black "Kurt, Sascha"]
[Result "1-0"]
[WhiteElo "1969"]
[BlackElo "2061"]
[PlyCount "121"]
[EventDate "2024.05.10"]
[EventType "swiss"]
[EventRounds "6"]
[EventCountry "NED"]
[SourceTitle "CBM 220 Extra"]
[Source "ChessBase"]
[SourceDate "2024.07.31"]
[SourceVersion "1"]
[SourceVersionDate "2024.07.31"]
[SourceQuality "1"]

1. e4 c5 2. Nf3 d6 3. Bb5+ Bd7 4. Bxd7+ Qxd7 5. d4 cxd4 6. Nxd4 Nf6 7. Qe2 Nc6 8. Nf3 g6 9. 0-0 Bg7 10. Rd1 Qc7 11. Nc3 0-0 12. Nb5 Qc8 13. h3 Nd7 14. c3 a6 15. Nbd4 Rb8 16. Bg5 Re8 17. Rac1 Nce5 18. Nxe5 Nxe5 19. c4 Qc7 20. b3 Rec8 21. Nc2 Nc6 22. Ne3 e6 23. Bf4 Nd4 24. Qd2 Qc6 25. Qd3 f5 26. exf5 gxf5 27. Nc2 Nxc2 28. Rxc2 e5 29. Bg5 h6 30. Bh4 Kh8 31. Qxf5 b5 32. Rcd2 bxc4 33. Rxd6 Qe8 34. bxc4 Rxc4 35. Rd8 Rxh4 36. Rxe8+ Rxe8 37. Qg6 Rg8 38. Qxa6 Rd4 39. Re1 Rd2 40. a4 Rf8 41. f3 Rb8 42. Re2 Rd1+ 43. Kh2 Ra1 44. Qc6 Rb4 45. Qc8+ Kh7 46. Qf5+ Kg8 47. Rc2 Rb8 48. Rc7 Kh8 49. Rxg7 Kxg7 50. Qxe5+ Kg6 51. Qxa1 Rb6 52. a5 Ra6 53. Qb1+ Kg5 54. Qb6 Ra8 55. h4+ Kf5 56. Qc5+ Kf4 57. Qd4+ Kf5 58. Qd5+ Kg6 59. Qxa8 Kh5 60. g4+ Kxh4 61. Qd8# 1-0

[Event "Wachtebeke-B"]
[Site "Wachtebeke"]
[Date "2024.02.12"]
[Round "1"]
[White "Nemegeer, Arne"]
[Black "Kurt, Sascha"]
[Result "1/2-1/2"]
[WhiteElo "2100"]
[BlackElo "2002"]
[PlyCount "66"]
[EventDate "2024.02.12"]
[EventType "tourn"]
[EventRounds "9"]
[EventCountry "BEL"]
[SourceTitle "CBM 218 Extra"]
[Source "ChessBase"]
[SourceDate "2024.03.31"]
[SourceVersion "1"]
[SourceVersionDate "2024.03.31"]
[SourceQuality "1"]

1. e4 c5 2. Nf3 e6 3. c3 Nf6 4. e5 Nd5 5. d4 cxd4 6. cxd4 d6 7. Bc4 Nc6 8. 0-0 Nb6 9. Bd3 Be7 10. Nc3 dxe5 11. dxe5 0-0 12. Qe2 Nd5 13. Qe4 g6 14. Bh6 Nxc3 15. bxc3 Re8 16. Rfe1 Qd5 17. Rad1 Qxe4 18. Bxe4 a5 19. a4 Ra6 20. Be3 f6 21. Bd3 Ra8 22. Bb5 Rd8 23. exf6 Rxd1 24. Rxd1 Bxf6 25. c4 Kf7 26. Ng5+ Bxg5 27. Bxg5 e5 28. Rd6 Be6 29. h4 Nd4 30. Rb6 Rb8 31. Ba6 Ne2+ 32. Kh2 Nc3 33. Bb5 Nxb5 1/2-1/2

[Event "World ol U16"]
[Site "Eindhoven"]
[Date "2023.08.17"]
[Round "8.20"]
[White "Ritzerveld, Noah"]
[Black "Kurt, Sascha"]
[Result "0-1"]
[WhiteElo "2062"]
[BlackElo "1939"]
[PlyCount "59"]
[EventDate "2023.08.13"]
[EventType "team-swiss"]
[EventRounds "9"]
[EventCountry "NED"]
[SourceTitle "CBM 215 Extra"]
[Source "ChessBase"]
[SourceDate "2023.09.30"]
[SourceVersion "1"]
[SourceVersionDate "2023.09.30"]
[SourceQuality "1"]
[WhiteTeam "Netherlands III"]
[BlackTeam "Netherlands IV"]
[WhiteTeamCountry "NED"]
[BlackTeamCountry "NED"]

1. e4 d5 2. exd5 Nf6 3. d4 Bg4 4. Bb5+ c6 5. dxc6 Nxc6 6. f3 Qa5+ 7. Nc3 Bf5 8. Nge2 0-0-0 9. Bxc6 bxc6 10. Bd2 e5 11. Ne4 Qd5 12. Nxf6 gxf6 13. c4 Qxc4 14. Rc1 Qa6 15. Qb3 exd4 16. 0-0 Be6 17. Qd1 Bd6 18. Nxd4 Bxh2+ 19. Kxh2 Rxd4 20. Qc2 Rh4+ 21. Kg3 Rc4 22. Bc3 Qb6 23. Rf2 Qc7+ 24. f4 Rg8+ 25. Kh2 Rxf4 26. Kg1 Rxf2 27. Qxf2 Bh3 28. Bxf6 Rg6 29. g3 Rxg3+ 30. Qg2 0-1